| 000 | 00449nam a22001817a 4500 | ||
|---|---|---|---|
| 003 | MPLRDC | ||
| 005 | 20220104114326.0 | ||
| 008 | 210129b ||||| |||| 00| 0 eng d | ||
| 082 | _a882.5 DAN | ||
| 100 | _aERICH VON DANIKEN | ||
| 245 |
_a史前星际大战 _c徐兴译 |
||
| 250 | _a四版 | ||
| 260 |
_a台湾 _b世界文物出版社 _c1983 |
||
| 300 | _b221 | ||
| 490 | _a世界文丛. 33 | ||
| 650 | _a瑞士文学 | ||
| 942 |
_cBK _o882.5 DAN |
||
| 999 |
_c6603 _d6593 |
||